zpět

Detail výsledku týmu

Bristol, Olomouc

Datum a čas kvízu

22.5 Celkem bodů Celkový počet nahraných bodů na tomto kvízu bez doplňovacích otázek.
5. Pořadí na kvízu Konečné umístění týmu na tomto kvízu.

Zaznamenané odpovědi

# Otázka Odpověď Body Výsledky
1. Vatikán minulé pondělí oznámil... Stanislav Přibyl 0
2. Jeden americký stát zasáhla vl... Florida 1
3. V noci z neděle na pondělí byl... Bad Bunny; Kendrick Lamar 0
4. Do aukční historie se nově zap... Rembrandt (Harmenszoon van Rijn) 0
5. Ještě před slavnostním zahájen... vyčural nápis do sněhu 0
6. 17. února 1600 byl na Campo de... Giordano Bruno 0
7. 1. ledna 1700 jeden ruský car... Petr I. Veliký 0
8. Za kulatý letopočet budeme dne... Burgtheater 0
9. 16. listopadu 1900 se v Olomou... Eliška Junková 1
10. Od 15. září do 1. října 2000 s... Štěpánka Hilgertová; Sydney 0.5